the MYTH OF indus valley script (Record no. 45313)
[ view plain ]
| 000 -LEADER | |
|---|---|
| fixed length control field | 003580000a22001570004500 |
| 003 - CONTROL NUMBER IDENTIFIER | |
| control field | MACL |
| 040 ## - CATALOGING SOURCE | |
| Original cataloging agency | MACL |
| 090 ## - LOCALLY ASSIGNED LC-TYPE CALL NUMBER (OCLC); LOCAL CALL NUMBER (RLIN) | |
| -- | 45785 |
| -- | 45783 |
| 100 ## - MAIN ENTRY--PERSONAL NAME | |
| Personal name | Henderson, john b. |
| 245 ## - TITLE STATEMENT | |
| Title | the MYTH OF indus valley script |
| 260 ## - PUBLICATION, DISTRIBUTION, ETC. (IMPRINT) | |
| Place of publication, distribution, etc. | DELHI |
| Name of publisher, distributor, etc. | academic Excellence |
| 350 ## - PRICE (NR) (BK AM CF MU VM SE) [OBSOLETE] | |
| Price | 650 |
| 650 ## - SUBJECT ADDED ENTRY--TOPICAL TERM | |
| Topical term or geographic name as entry element | childreen Book |
| 942 ## - ADDED ENTRY ELEMENTS (KOHA) | |
| Koha item type | Library Membar |
| Call number prefix | 741.642 |
| 951 ## - EQUIVALENCE OR CROSS-REFERENCE--GEOGRAPHIC NAME/AREA NAME [OBSOLETE] [CAN/MARC only] | |
| -- | 741.642 BOOK |
No items available.









